| 000 | 00766 a2200277 4500 | ||
|---|---|---|---|
| 001 | 116111 | ||
| 020 | _a9780735841734 (trade) | ||
| 041 | _apor | ||
| 090 | _aP Year 7 [E] | ||
| 100 | _aPfister, Marcus. | ||
| 250 | _a. ed. | ||
| 300 | _a{28} p. | ||
| 697 | _aDecision making - Fiction. | ||
| 697 | _aIslands - Fiction. | ||
| 697 | _aMice | ||
| 697 | _aPicture books for children. | ||
| 697 | _aIslands | ||
| 697 | _aMice - Fiction. | ||
| 697 | _aDecision making | ||
| 697 | _aToy and movable books - Specimens. | ||
| 697 | _aToy and movable books. | ||
| 040 |
_aBR-BrIDEA _cBR-BrIDEA |
||
| 245 | 1 | 0 |
_aMilo and the mysterious island _ban adventure story with two endings _c Marcus Pfister |
| 260 |
_bNorth-South Books, Inc. _c2014 |
||
| 942 | _cBK | ||
| 999 |
_c116111 _d116111 |
||